[Event "Copenhagen AS04& BSF"]
[Site "Copenhagen"]
[Date "1984.09.12"]
[Round "6"]
[White "Sveshnikov, Evgeny"]
[Black "Hoi, Carsten"]
[Result "1-0"]
[WhiteElo "2515"]
[BlackElo "2400"]
[PlyCount "83"]
[EventDate "1984.09.06"]
[EventType "tourn"]
[EventRounds "9"]
[EventCountry "DEN"]
[EventCategory "8"]
[SourceTitle "EXT 2000"]
[Source "ChessBase"]
[SourceDate "1999.11.16"]
[SourceVersion "1"]
[SourceVersionDate "1999.11.16"]
[SourceQuality "1"]

1. e4 d6 2. d4 Nf6 3. Nc3 g6 4. Be3 Bg7 5. Qd2 O-O 6. O-O-O Nc6 7. f3 e5 8. d5 Nd4 9. Nge2 c5 10. dxc6 bxc6 11. Nxd4 exd4 12. Bxd4 Be6 13. Be3 ({RR} 13. h4 Qa5 14. Qg5 Qd8 15. e5 Nh5 16. exd6 Bxd4 17. Rxd4 Qb6 18. Qe5 Rae8 19. Na4 Qb8 20. Bd3 Bd5 21. Qh2 a5 22. Be4 Qa7 23. Rhd1 Nf6 24. Nc3 Rb8 25. Bxd5 Nxd5 26. Nxd5 cxd5 27. Qe5 a4 {Lalic,B (2515)-Hoi,C (2430) Manila 1992 1-0 (37)}) ({RR} 13. Na4 c5 14. Bc3 Qe7 15. g4 Rfd8 16. g5 Nh5 17. Bxg7 Nxg7 18. c4 Rab8 19. h4 Qc7 20. Nc3 a6 21. f4 Qb7 22. h5 Bg4 23. Be2 Bxe2 24. Qxe2 Nxh5 25. Rxh5 gxh5 26. Nd5 Kf8 27. b3 Qd7 {Zelbel,P (2439)-Hoi,C (2380) Germany 2019 1-0 (31)}) 13... Qa5 $146 ({RR} 13... Rb8 14. Qxd6 Qc8 15. Qa3 Nd7 16. Na4 Nb6 17. Nc5 a5 18. Ba6 Qe8 19. Nxe6 Qxe6 20. Qb3 Nd5 21. exd5 cxd5 22. Qd3 Bxb2+ 23. Kd2 d4 24. Bc4 Qe5 25. Bh6 Bc3+ 26. Kc1 Qc5 27. Rde1 Qa3+ 28. Kd1 {Bissieres,M (2275)-Shirazi,K (2440) Pau 2008 0-1 (47)}) ({RR} 13... d5 14. Bh6 Bxh6 15. Qxh6 Qb6 16. e5 Nd7 17. h4 Rfb8 18. b3 Qc5 19. Kb2 d4 20. Ne4 Qxe5 21. Bd3 c5 22. Nd2 Nb6 23. Rde1 Qg7 24. Qxg7+ Kxg7 25. Be4 c4 26. bxc4 Nxc4+ 27. Kc1 Ne3 28. Bxa8 {Patarcic,D (2157)-Trbojevic,M (2417) Bosnjaci 2015 1-0 (54)}) 14. Qxd6 Nd7 15. Rd4 Nc5 16. Rc4 Bxc4 17. Bxc4 Nb7 18. Qxc6 Bxc3 19. bxc3 Qa3+ 20. Kd2 Rfd8+ 21. Bd4 Na5 22. Qc7 Nxc4+ 23. Qxc4 Rac8 24. Qd3 Qxa2 25. h4 Qa5 26. Ke2 h5 27. Rb1 Qc7 28. Qe3 Qg3 29. Qg5 Qxg5 30. hxg5 Ra8 31. g4 Kf8 32. gxh5 gxh5 33. Rh1 Ke8 34. Rxh5 a5 35. Bb6 Rdc8 36. g6 a4 37. g7 Kd7 38. Bc5 a3 39. Bf8 a2 40. g8=Q Rxf8 41. Qg4+ Kc6 42. Qf5 1-0

[Event "URS-ch FL55"]
[Site "Lvov"]
[Date "1987.11.21"]
[Round "12"]
[White "Chernin, Alexander"]
[Black "Zaichik, Gennadi"]
[Result "1-0"]
[WhiteElo "2580"]
[BlackElo "2490"]
[PlyCount "63"]
[EventDate "1987.11.??"]
[EventType "tourn"]
[EventRounds "17"]
[EventCountry "URS"]
[EventCategory "10"]
[SourceTitle "EXT 2018"]
[Source "ChessBase"]
[SourceDate "2017.10.13"]
[SourceVersion "1"]
[SourceVersionDate "2017.10.13"]
[SourceQuality "1"]

1. d4 d6 2. e4 Nf6 3. Nc3 g6 4. Be3 Bg7 5. Qd2 O-O 6. O-O-O Nc6 7. f3 e5 8. Nge2 exd4 9. Nxd4 Nxd4 10. Bxd4 Be6 11. Be3 Re8 ({RR} 11... a6 12. h4 b5 13. g4 b4 14. Nd5 Bxd5 15. exd5 Nd7 16. Bg5 Qe8 17. Re1 Ne5 18. f4 Nf3 19. Rxe8 Rfxe8 20. Qd1 Re1 21. Qxe1 Nxe1 22. f5 Nf3 23. Bf4 Re8 24. Bd3 a5 25. Rf1 Ne5 26. Bb5 {Horvath,A (2528)-Czebe,A (2474) Zalakaros 2015 1-0 (59)}) ({RR} 11... a6 12. h4 h5 13. Bh6 b5 14. Kb1 Re8 15. Bxg7 Kxg7 16. Ne2 d5 17. Qc3 Qe7 18. e5 Ng8 19. Nd4 b4 20. Qc6 Nh6 21. Bd3 a5 22. g4 Bxg4 23. fxg4 Nxg4 24. Rde1 Nxe5 25. Nf5+ gxf5 26. Rhg1+ {Wieczorek,O (2504)-Pein,J (2252) Katowice POL 2022 1-0}) 12. Bg5 Qe7 13. g4 Qf8 14. Kb1 $146 ({RR} 14. h4 h6 15. Bxf6 Bxf6 16. g5 Bg7 17. h5 f6 18. Nd5 fxg5 19. Nxc7 Qf6 20. c3 Bxa2 21. Nxa8 Rxa8 22. Qxd6 Qxf3 23. Rh3 Qxe4 24. Bd3 Qe6 25. Qxe6+ Bxe6 26. Re3 Bg4 27. Bxg6 Bxd1 {½-½ (27) Petkovic,P (2151)-Hvenekilde,J (2296) Copenhagen 2002}) 14... a6 15. h4 h6 16. Bxf6 Bxf6 17. g5 hxg5 18. hxg5 Bg7 19. f4 Bg4 20. Re1 c6 21. Be2 Bxe2 22. Rxe2 f5 23. gxf6 Qxf6 24. Rg1 Rf8 25. Rg4 Rae8 26. Reg2 Re7 27. a3 a5 28. Qd3 Rff7 29. e5 dxe5 30. Ne4 Qe6 31. Rxg6 Qc8 32. Nd6 1-0

[Event "Katerini op"]
[Site "Katerini"]
[Date "1992.??.??"]
[Round "?"]
[White "Ehlvest, Jaan"]
[Black "Pandavos, Panayotis"]
[Result "1-0"]
[WhiteElo "2635"]
[BlackElo "2430"]
[PlyCount "52"]
[EventDate "1992.08.??"]
[EventType "swiss"]
[EventRounds "9"]
[EventCountry "GRE"]
[SourceTitle "CBM 032 Extra"]
[Source "ChessBase"]
[SourceDate "1993.03.01"]
[SourceVersion "1"]
[SourceVersionDate "1993.03.01"]
[SourceQuality "1"]

1. d4 {Marin,Mihail} d6 2. e4 Nf6 3. Nc3 g6 4. Be3 Bg7 ({RR} 4... c6) 5. Qd2 O-O 6. O-O-O ({RR} 6. Be2 e5 7. dxe5 dxe5 8. O-O-O Qxd2+ 9. Rxd2 Nc6 10. Nf3 b6 11. h3 Bb7 12. Rhd1 Rfe8 13. Bc4 Na5 14. Bb5 c6 15. Bf1 b5 16. b4 Nc4 17. Bxc4 bxc4 18. g4 a5 19. bxa5 Bf8 20. g5 Ba3+) 6... c6 7. f3 b5 8. h4 ({RR} 8. Bh6) 8... b4 ({RR} 8... h5 9. e5 b4 10. exf6 bxc3 11. Qxc3 exf6 12. g4 hxg4 13. h5) 9. Nce2 ({RR} 9. Nb1 Qa5 10. a3 c5 11. dxc5 dxc5 12. e5 Nfd7 13. Qd5 Nxe5 14. Qxa8 Nbc6) 9... Qa5 ({RR} 9... a5 10. Kb1 Nbd7 11. h5 e5 12. Bh6 Re8 13. Bxg7 Kxg7 14. hxg6 fxg6 15. Qh6+ Kg8 16. Nh3 Qe7 17. Ng5 Qg7 18. Qh2 h5 19. dxe5 dxe5 20. Nc1 Nc5 21. Bc4+ Kf8 22. Rd6 Qe7 23. Rxf6+ Qxf6 24. Nh7+ {Gruca,M (2198)-De Souza,C (2018) chess.com INT 2024 1-0}) 10. Kb1 ({RR} 10. a3 c5 11. dxc5 dxc5 12. e5 Nfd7 13. Qd5 bxa3) 10... c5 ({RR} 10... h5 11. Nc1 Nbd7 12. Nh3 c5 13. Ng5 Rb8 ({RR} 13... cxd4 14. Bxd4 Rb8) 14. Nb3 ({RR} 14. Be2 Qc7 15. dxc5 Nxc5) 14... Qc7 15. dxc5 dxc5 16. Bc4 Nb6 ({RR} 16... Ne5 17. Bf4 {RR} Nfd7 18. Bxf7+ Rxf7 19. Qd5 Qb6 20. Nxf7 e6 21. Qxe5 Nxe5 22. Nxe5 Qc7 23. Nxg6 e5 24. Bg5 Kh7 25. Ne7 c4) 17. Qe2 ({RR} 17. Bxf7+ Rxf7 18. Bf4 e5 19. Qd8+ Qxd8 20. Rxd8+ Rf8 21. Rxf8+ Kxf8 22. Bxe5 Ra8 23. Nxc5 Nc4) ({RR} 17. Qd3) 17... Nfd7 18. f4 a5 19. e5 ({RR} 19. Nxa5 Nxc4 20. Nxc4 Ba6) 19... a4 20. Na1 ({RR} 20. Na5 Nxc4 21. Nxc4 Ba6 22. e6 Nb6 23. exf7+ Rxf7 24. b3 ({RR} 24. Nxf7 Bxc4 25. Qf2 Bxf7) 24... axb3 25. cxb3 ({RR} 25. axb3 Nxc4 26. bxc4 Qa5) 25... Bxc4 26. bxc4 Na4) ({RR} 20. Nc1 Nxe5 21. fxe5 Nxc4 22. Qxc4 Qxe5) ({RR} 20. Nd2 Nxe5 21. fxe5 Qxe5) 20... a3 ({RR} 20... Nxe5 21. fxe5 Nxc4 22. Qxc4 Qxe5 23. Bc1 b3 24. axb3 ({RR} 24. cxb3 Bf5+ 25. Nc2 axb3 26. axb3 Rb4 27. Qd5 c4 28. Qxe5 Bxe5 29. bxc4 Rxc4) 24... a3 25. Rhe1 Ra8 26. c3 a2+ 27. Kc2 Bf5+ 28. Ne4 Rad8) ({RR} 20... b3 21. axb3 ({RR} 21. cxb3 Nxe5 22. fxe5 Nxc4 23. Qxc4 Bf5+) 21... a3) 21. Bxf7+ ({RR} 21. Nb3 Nxe5 22. fxe5 Qxe5 23. Bc1 axb2 24. Bd2 Bg4) ({RR} 21. e6 axb2 22. Nb3 Na4) 21... Rxf7 22. Nxf7 Kxf7 ({RR} 22... axb2 23. Nb3 Qa7 24. Ng5 Qa3) 23. e6+ Kg8 24. exd7 Bxd7 25. Nb3 {Hracek,Z (2636)-Marin,M (2581) Calimanesti 2014 EXT 2015 [Marin,Mihail] 0-1}) 11. h5 c4 $146 ({RR} 11... Rd8 12. hxg6 hxg6 13. Bh6 Bh8 14. Qg5 Nc6 15. d5 Ne5 16. f4 Nc4 17. Ng3 Nxb2 18. Rd3 Nxd3 19. cxd3 b3 20. axb3 Rb8 21. Kc2 Qa2+ 22. Kd1 Rxb3 23. N1e2 Rxd3+ 24. Ke1 Qd2+ 25. Kf2 Ng4+ {0-1 (25) Zvan,Z (1905)-Sereinig,E (2065) Finkenstein 1996}) 12. hxg6 fxg6 13. Bh6 c3 14. Qe3 Be6 15. d5 b3 16. Nxc3 Bxh6 17. Qxh6 bxc2+ 18. Kxc2 Bd7 19. Bd3 Ba4+ 20. Kb1 Nbd7 21. Nxa4 Qxa4 22. Nh3 Rab8 23. Rd2 Qb4 24. Rc2 Rf7 25. Ng5 Ne5 26. Nxf7 Nxd3 1-0

[Event "Arab-ch"]
[Site "Dubai"]
[Date "1995.??.??"]
[Round "?"]
[White "Hamdouchi, Hicham"]
[Black "Battikhi, Husein"]
[Result "1-0"]
[WhiteElo "2555"]
[BlackElo "2250"]
[PlyCount "29"]
[EventDate "1995.??.??"]
[EventType "swiss"]
[EventRounds "11"]
[EventCountry "UAE"]
[SourceTitle "EXT 1999"]
[Source "ChessBase"]
[SourceDate "1998.11.16"]
[SourceVersion "1"]
[SourceVersionDate "1998.11.16"]
[SourceQuality "1"]

1. e4 {Yudasin,Leonid} d6 2. d4 Nf6 3. Nc3 g6 4. Be3 Bg7 5. Qd2 O-O ({RR} 5... Ng4 6. Bg5 h6 7. Bh4 c6 8. f4 b5) ({RR} 5... c6) 6. O-O-O c6 7. Bh6 b5 8. f3 Qc7 ({RR} 8... Bxh6 9. Qxh6 b4 10. Nce2 Qa5 11. Kb1 Be6 12. Nc1 Rc8 ({RR} 12... Nbd7 13. g4 Kh8 14. h4) 13. h4 Qd8 ({RR} 13... Kh8 14. g4 c5 15. d5 Bd7 16. h5 Ng8 17. Qf4) 14. Nge2 ({RR} 14. g4 Qf8 15. Qf4 Qg7 16. Nh3) 14... Qf8 15. Qd2 a5 16. Nf4 Nbd7 ({RR} 16... Bd7 17. e5 Nd5 18. Nxd5 cxd5 19. exd6 e6 20. h5) 17. h5 Qg7 18. g4 Nf8 ({RR} 18... g5 19. h6 Qf8 20. Nxe6) 19. g5 Ne8 ({RR} 19... N6d7 20. Nxe6 Nxe6 21. Bh3) 20. hxg6 hxg6 21. Rh4 c5 22. d5 Bd7 23. Bc4 {Efimov,I (2540)-Sarno,S (2400) Reggio Emilia 1998 CBM 063 [Yudasin,Leonid] 1-0 (36)} {RR} a4 24. Rdh1 a3 25. Ncd3 f6 26. Ne6 ({RR} 26. Qh2 fxg5 27. Rh8+ Kf7 28. Ne6 Nxe6 29. dxe6+ ({RR} 29. Rh7) 29... Bxe6 30. Bxe6+ Kxe6 31. Qh3+ Kf6 32. Rh7 Qg8 33. f4) 26... Bxe6 27. dxe6 fxg5 28. Qxg5) ({RR} 8... Qa5 9. Kb1 Be6 ({RR} 9... b4 10. Nce2 Be6 11. Nc1) 10. Nd5 Qd8 ({RR} 10... Qa6 11. Nxe7+ Kh8 12. Bxg7+ Kxg7 13. d5) ({RR} 10... Qxd2 11. Nxe7+ Kh8 12. Bxg7+ ({RR} 12. Bxd2 Re8 13. Nxc6 Nxc6 14. d5) 12... Kxg7 13. Rxd2 Re8 ({RR} 13... d5 14. exd5 cxd5 15. Bxb5) 14. Nxc6 Nxc6 15. d5 Bxd5) 11. Nxf6+ exf6 12. d5) 9. h4 ({RR} 9. g4 e5 10. dxe5 dxe5 11. h4 Be6 12. h5 a5 13. Bxg7 Kxg7 14. hxg6 fxg6 15. Qh6+ Kg8 16. Nh3 Qg7 17. Qh4 Na6 18. Ng5 Nc5 19. Rd6 Bd7 20. a4 h6 21. Nh3 g5 22. Qg3 Qe7 23. Rd2 b4 {Ashwath Kaushik (1958)-Halvorsen,B (1966) Fagernes NOR 2025 ½-½ (49)}) 9... Nbd7 10. h5 e5 11. g4 $146 ({RR} 11. hxg6 fxg6 12. Bxg7 Kxg7 13. d5 b4 14. dxc6 bxc3 15. Qh6+ Kf7 16. Bc4+ Ke8 17. cxd7+ Bxd7 18. Bb3 a5 19. a4 Rb8 20. Ne2 cxb2+ 21. Kb1 Qc5 22. Ka2 Rb4 23. Qd2 Bxa4 24. Kxb2 Bxb3 25. cxb3 a4 {Voros,G (2136)-Beres,D (2092) Slovakia 2016 ½-½ (53)}) 11... exd4 12. Bxg7 dxc3 13. Qh6 cxb2+ 14. Kb1 Qd8 15. g5 1-0

[Event "ISR-chT"]
[Site "Israel"]
[Date "1997.04.02"]
[Round "8"]
[White "Har Zvi, Ronen"]
[Black "Rechlis, Gad"]
[Result "1-0"]
[WhiteElo "2505"]
[BlackElo "2525"]
[Annotator "Har Zvi,Ronen"]
[PlyCount "45"]
[EventDate "1997.??.??"]
[EventType "team"]
[EventRounds "11"]
[EventCountry "ISR"]
[SourceTitle "CBM 059"]
[Source "ChessBase"]
[SourceDate "1997.08.01"]
[SourceVersion "1"]
[SourceVersionDate "1997.08.01"]
[SourceQuality "1"]

1. e4 d6 2. d4 Nf6 3. Nc3 g6 4. Be3 Bg7 5. Qd2 O-O (5... Ng4 6. Bg5 h6 7. Bh4 g5 (7... c6 8. h3 (8. f4 Nf6 9. O-O-O O-O 10. e5 Nd5 11. Ne4 dxe5 12. fxe5 Bf5 13. Bd3 a5 14. Ne2 Nb4 15. Rhf1 Qd5 16. Rxf5 gxf5 17. N4c3 $40 {Sveshnikov,E-Ibragimov,I Ljubljana op 1996}) 8... Nf6 9. f4 b5 10. Bd3 b4 11. Nce2 a5 12. Nf3 O-O 13. O-O d5 14. Bxf6 $1 $16 {Piket,J-Epishin,V Dortmund 1994 61/(111)}) 8. Bg3 f5 (8... e5 $5) 9. f3 f4 $1 10. Bxf4 gxf4 11. fxg4 Bxg4 12. Be2 e5 13. Bxg4 Qh4+ 14. Qf2 Qxg4 15. Nd5 Na6 16. dxe5 dxe5 17. Nf3 c6 18. Nc3 O-O-O $13 {Hort,V-Timman,J Tilburg 1980 30/(169)}) (5... c6 6. Bh6 Bxh6 7. Qxh6 Qa5 8. Bd3 (8. f3 $5) (8. O-O-O $5) 8... c5 $1 9. Nge2 (9. d5 Nbd7 10. Nf3 b5 11. O-O (11. Bxb5 Rb8) 11... c4 12. Be2 b4 13. Nd1 Qc5 $1 (13... Nxe4 14. Bxc4) 14. Ne3 c3 15. bxc3 Qxc3 16. Ng5 $2 (16. Qh4 $13) 16... Ng8 $1 17. Qh4 h6 18. Nf3 $4 (18. e5 $8 Qxe5 19. Nf3 Qc3) 18... g5 $19 {Adams,M-Van Wely,L Debrecen 1992 56/137 [Adams,M]}) 9... cxd4 10. Nxd4 Qb6 $1 11. O-O-O Nc6 12. Bb5 (12. Nxc6 $6 bxc6 13. Rd2 Rb8 14. Nd1 Be6 15. a3 c5 $1 16. c3 Ng4 $17 {Van der Wiel,J-Van Wely,L Wijk ann Zee 1993 56/138 [Van Wely,L]}) 12... Bd7 13. Nd5 Nxd5 14. exd5 Nxd4 15. Qg7 Rf8 16. Bxd7+ Kxd7 17. Qxd4 Qxd4 18. Rxd4 e5 19. dxe6+ fxe6 $11 {Rasik,V-Nijboer,F Debrecen 1992 56/(138)}) 6. O-O-O Nbd7 7. f3 e5 (7... c6 8. e5) 8. g4 ({RR} 8. d5 a5 9. g4 Nc5 10. Bh6 b5 11. Bxb5 Rb8 12. a4 Bd7 13. h4 Bxb5 14. axb5 a4 15. h5 Ra8 16. Nge2 c6 17. Bxg7 Kxg7 18. hxg6 fxg6 19. Qh6+ Kg8 20. g5 Nh5 21. Ng3 a3 22. Nxh5 axb2+ {Golubev,M (2527)-Baumgardt,U (2214) Playchess.com INT 2004 1-0 (32)}) 8... c6 9. h4 Qa5 $146 (9... b5 10. h5 exd4 11. Bxd4 b4 12. Nb1 Qa5 13. hxg6 hxg6 14. a3 $14 {/ Sveeshnikov,E-Van Wely,L Biel (izt) 1993 58/147 [Sveshnikov,E]}) (9... h5 10. g5 Ne8 11. f4) ({RR} 9... h5 10. g5 Nh7 11. f4 Re8 12. f5 Qc7 13. Bc4 Nb6 14. Bb3 gxf5 15. g6 Be6 16. exf5 Bxb3 17. gxh7+ {1-0 (17) Zabolotny,V (2240)-Gerasimova,O Moscow 2000}) ({RR} 9... b5 10. h5 b4 11. Nce2 a5 12. hxg6 fxg6 13. Bh6 a4 14. Bxg7 Kxg7 15. Qh6+ Kg8 16. Nh3 b3 17. cxb3 a3 18. Ng5 axb2+ 19. Kb1 Qa5 20. a4 Re8 21. Nxh7 Kf7 22. Ng5+ Ke7 23. Qg7+ Kd8 24. Nf7+ {Serra Canals,O (2155)-Yushko,O (2088) chess.com INT 2024 1-0 (31)}) ({RR} 9... h5 10. g5 Nh7 11. Nge2 Qe7 12. Ng3 exd4 13. Bxd4 Ne5 14. f4 Nf3 15. Qf2 Nxd4 16. Rxd4 Bxd4 17. Qxd4 Bg4 18. Qf2 b5 19. Be2 b4 20. Nd1 Bxe2 21. Qxe2 Qe6 {½-½ (21) Tepe,J (2122)-Forgach,A (1997) Idstein 2009}) 10. h5 (10. dxe5 Nxe5 $8 (10... dxe5 11. h5) 11. Qxd6 Be6 (11... Bxg4)) 10... exd4 11. Bxd4 Ne5 12. hxg6 (12. Kb1) 12... fxg6 (12... hxg6 13. Kb1) 13. Bxe5 {[%tqu "En","white just took on e5,will you recapture with the pawn or with the queen,please do not guess try to calculate the imporatnt variations","","","a5e5","a very serious mistake after black's position becomes very difficult maybe even losing,black can not allow white to get the a2-g8 diagonal since as we will see,black's king is dead!",10]} dxe5 $2 {a very serious mistake after black's position becomes very difficult maybe even losing,black can not allow white to get the a2-g8 diagonal since as we will see,black's king is dead!} (13... Qxe5 14. Qxd6 (14. Bc4+) 14... Qxd6 15. Rxd6 Nd7 $8) 14. Bc4+ Kh8 15. Nh3 $1 {[%cal Gh1h8,Ga2g8] the place for knight at g5,where the open "h" file the control over the a2-f7 diagonal seems quite decisive} b5 $6 (15... Qc5 16. Bb3 Qe7 17. Ng5 h6 (17... h5) 18. Qd6 $1) 16. Bb3 Qc7 (16... b4 17. Ng5 bxc3 18. Rxh7+ Nxh7 19. Qh2) (16... c5 17. Ng5 c4 18. Nxh7 Nxh7 19. Qh2 (19. Rxh7+ $2 Kxh7 20. Rh1+ Kg8 21. Qd5+ Be6 22. Qxe6+ Rf7) 19... Kg8 20. Qxh7+ Kf7 21. Rd6) 17. Ng5 h6 (17... h5 18. gxh5 gxh5 19. Rxh5+ Nxh5 20. Rh1) {[%tqu "En","something seems wrong with black;s position it is time to prove it!","","","h1h6","",5]} 18. Rxh6+ $1 Bxh6 19. Nf7+ Rxf7 (19... Qxf7 20. Qxh6+ Qh7 21. Qxf8+) 20. Qxh6+ Nh7 (20... Rh7 21. Qf8+) (20... Kg8 21. Rh1 $1) 21. Bxf7 Bxg4 (21... Qxf7 22. Rd8+) 22. Bxg6 Bxf3 23. Rf1 1-0

[Event "EU-ch 12th"]
[Site "Aix les Bains"]
[Date "2011.03.23"]
[Round "2"]
[White "Bellaiche, Antony"]
[Black "Chatalbashev, Boris"]
[Result "1-0"]
[WhiteElo "2472"]
[BlackElo "2602"]
[Annotator "ChessBase II"]
[PlyCount "109"]
[EventDate "2011.03.22"]
[EventType "swiss"]
[EventRounds "11"]
[EventCountry "FRA"]
[SourceTitle "CBM 142 Extra"]
[Source "ChessBase"]
[SourceDate "2011.06.27"]
[SourceVersion "1"]
[SourceVersionDate "2011.06.27"]
[SourceQuality "1"]
[TimeControl "40/5400+30:1800+30"]

1. e4 d6 2. d4 Nf6 3. Nc3 g6 4. Be3 Bg7 5. Qd2 O-O 6. O-O-O c6 7. f3 (7. Bh6 b5 8. f3) 7... b5 8. Kb1 ({RR} 8. Bd3 a5 9. Kb1 {½-½ Arizmendi Martinez,J (2456)-Korneev,O (2619)/Albacete 2000/CBM 078 ext}) 8... Nbd7 9. h4 ({RR} 9. g4 Nb6 10. g5 Nh5 11. b3 a5 12. Nce2 f5 13. gxf6 Nxf6 14. Ng3 a4 15. h4 axb3 16. cxb3 Be6 17. Bh3 Bf7 18. N1e2 Qb8 19. h5 Qa7 20. Nc1 Rfb8 21. hxg6 hxg6 22. Nf5 Nc4 23. Qg2 Nxe3 {Barria Zuniga,D (2427)-Campora,D (2535) Seville 2008 ½-½ (37)}) ({RR} 9. Bh6 Nb6 10. h4 b4 11. Nce2 Nc4 12. Qg5 Qa5 13. Bxg7 Kxg7 14. Nf4 h6 15. Qxa5 Nxa5 16. e5 Nd7 17. e6 Nb6 18. exf7 Rxf7 19. Ngh3 Nac4 20. Bxc4 Nxc4 21. Rde1 Bxh3 22. Nxh3 Re8 23. Re2 Nb6 {Matsuura,E (2365)-Nascimento,D (1948) Niteroi BRA 2024 1-0 (42)}) 9... Nb6 10. Bd3 $146 ({RR} 10. Bh6 Be6 11. Bxg7 Kxg7 12. h5 b4 13. hxg6 bxc3 14. Qh6+ Kg8 15. g7 Re8 16. e5 Bf5 17. exf6 Nd5 18. Bd3 Bxd3 19. Rxd3 Nxf6 20. Ne2 Qa5 21. g4 cxb2 22. Ng3 {1-0 Hall,J (2450)-Giaccio,A (2350)/La Coruna 1993/EXT 1997}) ({RR} 10. Bh6 Be6 11. Bxg7 Kxg7 12. h5 b4 13. hxg6 bxc3 14. Qh6+ Kg8 15. g7 Re8 16. e5 Bf5 17. exf6 Nd5 18. Bd3 Bxd3 19. Rxd3 Nxf6 20. Ne2 Qa5 21. g4 cxb2 22. Ng3 {1-0 (22) Hall,J (2450)-Giaccio,A (2350) La Coruna 1993}) ({RR} 10. b3 h5 11. Bh6 Qc7 12. g4 e5 13. Bxg7 Kxg7 14. g5 Nh7 15. Bh3 b4 16. Nce2 c5 17. dxc5 dxc5 18. Qd6 Qxd6 19. Rxd6 Ba6 20. c4 Rad8 21. Rxd8 Rxd8 22. Kc2 Bxc4 23. bxc4 Nxc4 24. Kb3 Nb6 {Zivkovic,N (2301)-Pancevski,F (2464) Struga 2014 ½-½ (50)}) 10... h5 {[%csl Rg5]} 11. Bh6 (11. Nh3 Nc4) 11... e5 12. dxe5 dxe5 13. Bxg7 Kxg7 14. Nce2 Qe7 15. Ng3 Nfd7 16. N1e2 Nc5 $132 17. Qe3 Rb8 18. Ka1 a5 19. f4 Bg4 20. f5 Nbd7 21. Rdf1 a4 22. Nc1 a3 23. b3 Qd6 24. Be2 Qd4+ 25. Qxd4 exd4 26. Bxg4 hxg4 27. Rd1 Rbe8 28. Rxd4 Nf6 29. fxg6 fxg6 30. Re1 Nd5 31. e5 Nf4 32. b4 Nce6 33. Rd7+ Kh6 34. Ne4 Rd8 (34... Nxg2 35. Rg1 Ne3 36. Nf6 {[%csl Re8,Rh6,Rh7]}) 35. Rxd8 Rxd8 36. g3 Ng2 37. Re2 Rd1 38. Kb1 Rg1 39. Nf6 Ne1 (39... Nxh4 $5 40. gxh4 g3 $44) 40. Nxg4+ Kg7 41. Re3 Nd4 42. Rxa3 Nef3 43. Rd3 Rxg3 44. Nh2 Rh3 45. Nxf3 Nxf3 46. Kb2 Ng1 47. Rxh3 Nxh3 48. Ne2 Kf7 49. Nd4 Nf4 50. Nxc6 Ke6 51. a4 bxa4 52. Ka3 Kd5 53. b5 Kc5 54. Kxa4 Kb6 55. Ne7 1-0

[Event "Delft Prinsenstad op-A"]
[Site "Delft"]
[Date "2011.04.22"]
[Round "1"]
[White "Haslinger, Stewart"]
[Black "Vlam, Horatio"]
[Result "1-0"]
[WhiteElo "2529"]
[BlackElo "2104"]
[PlyCount "38"]
[EventDate "2011.04.22"]
[EventType "swiss"]
[EventRounds "6"]
[EventCountry "NED"]
[SourceTitle "EXT 2013"]
[Source "ChessBase"]
[SourceDate "2012.11.22"]
[SourceVersion "1"]
[SourceVersionDate "2012.11.22"]
[SourceQuality "1"]
[WhiteClock "0:00:45"]
[BlackClock "0:01:07"]

1. e4 {ChessBase II} d6 2. d4 Nf6 3. Nc3 g6 4. Be3 Bg7 5. Qd2 O-O 6. O-O-O c6 7. f3 ({RR} 7. Bh6 b5 8. f3) 7... b5 8. Kb1 ({RR} 8. Bd3 a5 9. Kb1) 8... Be6 ({RR} 8... Nbd7 9. h4 Nb6 10. Bd3 ({RR} 10. Bh6 Be6 11. Bxg7 Kxg7 12. h5 b4 13. hxg6 bxc3 14. Qh6+ Kg8 15. g7 Re8 16. e5 Bf5 17. exf6 Nd5 18. Bd3 Bxd3 19. Rxd3 Nxf6 20. Ne2 Qa5 21. g4 cxb2 22. Ng3) 10... h5 11. Bh6 ({RR} 11. Nh3 Nc4) 11... e5 12. dxe5 dxe5 13. Bxg7 Kxg7 14. Nce2 Qe7 15. Ng3 Nfd7 16. N1e2 Nc5 17. Qe3 Rb8 18. Ka1 a5 19. f4 Bg4 20. f5 Nbd7 21. Rdf1 a4 22. Nc1 a3 23. b3 {Bellaiche,A (2472)-Chatalbashev,B (2602) Aix les Bains 2011 CBM 142 Extra [ChessBase II] 1-0 (55)}) ({RR} 8... Qc7 9. Bh6 e5 10. d5 b4 11. Nce2 cxd5 12. exd5 a5 13. h4 Na6 14. h5 Bb7 15. Bxg7 Kxg7 16. hxg6 fxg6 17. Qh6+ Kg8 18. Nc1 Qg7 19. Qh4 Nc5 20. Nh3 Rae8 21. Ng5 Re7 22. Nb3 Nxb3 23. cxb3 {Bruessow,N (1825)-Meyer,T (1950) Arco ITA 2024 ½-½ (31)}) 9. h4 $146 ({RR} 9. Nce2 Nbd7 10. Bh6 Nb6 11. Bxg7 Kxg7 12. Nf4 Bc4 13. h4 Bxf1 14. Rxf1 Nc4 15. Qc1 h5 16. Nge2 Qa5 17. Rfg1 Rab8 18. g4 hxg4 19. fxg4 Nxe4 20. h5 Rb6 21. Rh3 g5 22. h6+ Kh7 23. Ng2 Ra6 {Medvec,M (1955)-Doberitz,P (2220) Pardubice 2014 0-1}) ({RR} 9. g4 Qa5 10. d5 Bc8 11. Bh6 b4 12. Nce2 cxd5 13. Bxg7 Kxg7 14. exd5 e6 15. h4 Qxd5 16. Qc1 Qb7 17. h5 Nc6 18. Rxd6 Qc7 19. Qf4 Nd5 20. Qh2 Bb7 21. hxg6 fxg6 22. Qxh7+ Kf6 23. g5+ Ke5 {Haslinger,S (2548)-Van der Eijk,M (2139) Amsterdam 2011 1-0}) ({RR} 9. Nce2 Nbd7 10. Bh6 Nb6 11. Bxg7 Kxg7 12. b3 a5 13. h4 a4 14. h5 axb3 15. cxb3 Qc7 16. Nc1 c5 17. d5 Bd7 18. hxg6 fxg6 19. g4 c4 20. Rh2 cxb3 21. axb3 Kg8 22. Qd4 Rfb8 23. Ra2 Rc8 {Nijboer,F (2552)-Ootes,L (2261) Dieren 2009 0-1 (41)}) 9... Qa5 10. d5 b4 11. dxe6 bxc3 12. Qxc3 Qxc3 13. exf7+ Kxf7 14. bxc3 Rd8 15. Nh3 Nbd7 16. Ng5+ Kg8 17. Ne6 Rdb8+ 18. Kc1 Rb7 19. Ba6 Rbb8 1-0